Регионална библиотека "Любен Каравелов" - Русе

Малък майстор: на строителната площадка (Запис номер 436990)

MARC детайли
000 -Лидер
Контролно поле с фиксирана дължина 01213nam a2200277 a 4500
003 - Код на организацията, давaща контролен номер
Контролно поле BLK
005 - Дата и час на последна редакция
Контролно поле 20240319155312.0
008 - Елементи от данни с фиксирана дължина
fixed length control field 180408b bul|||||r ||||||| ||bul||
010 ## - Наследен системен номер
LC control number KNG00094124000
020 ## - Международен стандартен номер на книга ISBN
Международен стандартен номер на книга ISBN 9789542616771
040 ## - Източник на каталожния запис
Идентификатор на билиотеката - собственик на записа BLK
041 ## - Код за език
Код за езика на текст/звукозапис или на отделно заглавие Български
Код за езика КДБФ Български
080 ## - УДК
Текстов определител УДК Издания за деца и юноши. Книжки-картинки. Читанки. Вж и 372.4
УДК код - определител по УДК 087.5
УДК - код + определител 087.5
139 ## - Редно поле
Редна дума Малък майстор: на строителната площадка
Авторски знак Малк - М 23
245 10 - Сведения за заглавието
Заглавие Малък майстор: на строителната площадка
Редно поле (дума) [прев. Даниела Атанасова]
257 ## - Страна на издаване
Страна на създаване/издаване България
260 ## - Област на издателските данни
Място на издаване, разпространение и проч. Пловдив
Име на издателя, разпространителя и проч. Хермес
Година на издаване 2017
300 ## - Физическа характеристика
Страници 18 с.
Илюстрации и др. с цв. ил.
Размери/Мащаб 31 см + 25 болта и гайки и 1 гаечен ключ
380 ## - Жанр
Жанр Детска отраслова лит.
500 ## - Общи забележки
Забележка Без сведение за ориг. загл. - Името на прев. отбелязано в изд. каре. - Кн. отпеч. на ламиниран картон
700 ## - Други автори (авторска отговорност)
Лично име Атанасова, Даниела Тенева
9 (RLIN) 331832
856 4# - Електронен адрес и достъп
Електронен формат pdf - файл
856 4# - Електронен адрес и достъп
Електронен формат pdf - файл
999 ## - СИСТЕМНИ КОНТРОЛНИ НОМЕРА
Koha biblionumber 436990
Koha biblioitemnumber 436990
942 ## - АРТИКУЛИ
Вид на библиотечния материал Книги
Скрит в OPAC Не
Koha issues (borrowed), all copies 2
Периодичен библиозапис Да
944 ## - СЪЗДАВАНЕ И РЕДАКЦИЯ на ЗАПИСА
Служител, извършил регистрацията/редакцията 30560
Статус, дата на статуса Геновева Генчева
Наличности
Код за отписване Код за изгубен артикул Източник на класификационната схема Код за повреда Коз за рестрикции Код за отдаване Артикулен № Име на библиотеката - собственик Име на библиотеката, в която се намира в момента Статус (Текущо местоположение) Дата на вписване в системата Местоположение - отдел Цена в лева Систематично азбучна сигнатура Баркод Цена в евро Служебен тип на артикула
  Не е изгубен Universal Decimal Classification Не е повреден без рестрикции заемане за дома 862426 Регионална библиотека "Любен Каравелов" Русе Регионална библиотека "Любен Каравелов" Русе Детски отдел 2021-11-16 Детски отдел 13.97 087.5/М 23 120000862755 7.14 Книги
  Не е изгубен Universal Decimal Classification Не е повреден без рестрикции заемане за дома 862427 Регионална библиотека "Любен Каравелов" Русе Регионална библиотека "Любен Каравелов" Русе Детски отдел 2021-11-16 Детски отдел 13.97 087.5/М 23 120000862754 7.14 Книги
Vip Innovations Ltd, Rousse, Bulgaria 2025